00201nam a2200073Ia 4500008004100000100001800041245003700059260003100096170620s9999 xx 000 0 und d aSharma- R. A. 0aFundamentals of Teaching English bMeerut- Surya Publications